000 00793nam a2200229 i 4500
001 30605
003 ES-MaACL
005 20240313192752.0
007 t|
008 030127s1966 sp ||||1| spa d
100 1 _aBasurko, Xabier (
_d1937-)
_9171293
245 1 3 _aEl canto cristiano en la tradición primitiva /
_cpor Francisco J. Basurco ; presentación y glosa de J. Ignacio Tellechea Idígoras.
260 _aMadrid :
_bMarova,
_c[1966]
300 _a252 p. ;
_c21 cm.
490 1 _aChristus Pastor ;
_v17
650 4 _aCanciones religiosas.
_9135723
650 4 _aCantos religiosos.
_9144783
700 1 _aTellechea Idígoras, José Ignacio,
_d1928-2008
_9109621
830 1 _aChristus Pastor ;
_v17
_9182711
852 _aES-MaACL
_jC-32815
999 _c30605
_d30605